Formula One Racing: Late 2010s - Statistics

General Stats
  • This quiz has been taken 104 times
  • The average score is 337 of 474
Answer Stats
# Nat. Answer % Correct
5 DEU Sebastian Vettel
98%
7 FIN Kimi Räikkönen
97%
11 MEX Sergio Pérez
97%
44 GBR Lewis Hamilton
95%
33 NED Max Verstappen
95%
55 ESP Carlos Sainz, Jr
94%
14 ESP Fernando Alonso
94%
27 DEU Nico Hülkenberg
94%
Ferrari
92%
Scuderia Ferrari
92%
Scuderia Ferrari Mission Winnow
92%
77 FIN Valtteri Bottas
92%
Aston Martin Red Bull Racing
90%
BWT Mercedes
90%
3 AUS Daniel Ricciardo
90%
Infiniti Red Bull Racing
90%
20 DEN Kevin Magnussen
90%
18 CAN Lance Stroll
90%
Mercedes
90%
Mercedes-AMG Petronas
90%
Mercedes-AMG Petronas F1 Team
90%
Mercedes-AMG Petronas Formula One Team
90%
Red Bull Racing
90%
ROKiT Williams Racing
90%
8 FRA Romain Grosjean
90%
Williams Martini Racing
90%
23 THA Alexander Albon
89%
Alfa Romeo Sauber F1 Team
89%
16 MCO Charles Leclerc
89%
63 GBR George Russell
89%
McLaren F1 Team
89%
McLaren Honda
89%
McLaren Honda Formula One Team
89%
Toro Rosso
89%
26 RUS Daniil Kvyat
87%
31 FRA Esteban Ocon
87%
4 GBR Lando Norris
87%
10 FRA Pierre Gasly
87%
Renault
87%
Racing Point Force India F1 Team
86%
Red Bull Toro Rosso Honda
86%
Renault F1 Team
86%
Renault Sport Formula One Team
86%
Scuderia Toro Rosso
86%
TAG Heuer
86%
Honda
84%
6 DEU Nico Rosberg
84%
36 | 99 ITA Antonio Giovinazzi
83%
19 BRA Felipe Massa
83%
Haas F1 Team
83%
88 POL Robert Kubica
83%
13 VEN Pastor Maldonado
81%
Sahara Force India F1 Team
81%
Sahara Force India Formula One Team
81%
Autodromo Nazionale di Monza
79%
Circuit de Spa-Francorchamps
78%
22 GBR Jenson Button
78%
9 SWE Marcus Ericsson
78%
Sauber F1 Team
78%
SportPesa Racing Point F1 Team
78%
2 | 47 BEL Stoffel Vandoorne
78%
Albert Park Circuit
75%
Alfa Romeo Racing
73%
German
73%
Silverstone
73%
Silverstone Circuit
73%
Belgian
71%
28 NZL Brendan Hartley
71%
Circuit de Monaco
71%
Italian
71%
Monaco
71%
Albert Park Circuit
70%
Circuit de Barcelona-Catalunya
70%
Marina Bay Street Circuit
70%
Singapore
70%
Abu Dhabi
68%
Bahrain
68%
Bahrain International Circuit
68%
Red Bull Ring
68%
Australian
67%
Brazilian
67%
British
67%
Canadian
67%
Circuit Gilles Villeneuve
67%
French
67%
Japanese
67%
Lotus F1 Team
67%
Mexican
67%
Suzuka Circuit
67%
Suzuka International Racing Course
67%
United States
67%
Autódromo José Carlos Pace
65%
Chinese
65%
Circuit of the Americas
65%
Hockenheimring
65%
Hungarian
65%
Spanish
65%
Yas Marina Circuit
65%
Austrian
63%
Baku City Circuit
63%
Hungaroring
63%
Azerbaijan
62%
Circuit Paul Ricard
62%
12 BRA Felipe Nasr
62%
Shanghai International Circuit
62%
Manor Marussia F1 Team
60%
Russian
60%
Sochi Autodrom
60%
Malaysian
59%
Circuit Gilles Villeneuve
57%
21 MEX Esteban Gutiérrez
57%
35 RUS Sergey Sirotkin
57%
30 GBR Jolyon Palmer
56%
94 DEU Pascal Wehrlein
56%
Sepang International Circuit
54%
53 USA Alexander Rossi
52%
Autódromo Hermanos Rodríguez
51%
Manor Racing MRT
51%
RB11
51%
RB12
49%
RB13
49%
RB15
49%
40 GBR Paul di Resta
44%
RB14
44%
European
41%
F1 W10 EQ Power+
41%
F1 W09 EQ Power+
38%
88 IDN Rio Haryanto
38%
F1 W06 Hybrid
37%
F1 W07 Hybrid
35%
F1 W08 EQ Power+
35%
28 GBR Will Stevens
32%
98 ESP Roberto Merhi
30%
SF15-T
25%
MCL32
24%
FW40
22%
FW41
22%
FW42
22%
MCL34
22%
SF16-T
22%
C34
21%
MCL33
21%
SF90
21%
STR10
21%
VF-16
21%
VF-17
21%
VF-19
21%
FW37
19%
R. S. 16
19%
R. S. 17
19%
R. S. 18
19%
R. S. 19
19%
STR11
19%
STR12
19%
STR13
19%
STR14
19%
VF-18
19%
C35
17%
C36
17%
C37
17%
C38
17%
FW38
17%
SF70H
17%
VJM08
17%
SF71H
16%
VJM09
16%
VJM10
16%
VJM11
16%
MP4-30
14%
RP19
14%
E23 Hybrid
11%
MP4-31
11%
MRT05
10%
MR03B
8%
No matching quizzes found
Score Distribution
Percent of People with Each Score
Percentile by Number Answered
Your Score History
You have not taken this quiz